[Event "2. BUNDESLIGA MITTE 2019/2020"]
[Site "Taufkirchen"]
[Date "2019.11.09"]
[Round "5"]
[Board "2"]
[White "Gajek, Radoslaw"]
[Black "Schachinger, Mario"]
[Result "1/2-1/2"]
[WhiteElo "2422"]
[BlackElo "2402"]
[PlyCount "119"]
[EventDate "2019.10.11"]
[EventType "team"]
[EventRounds "11"]
[EventCountry "AUT"]
[WhiteTeam "Schachfreunde Graz"]
[BlackTeam "Frauental"]

1. c4 Nf6 2. Nc3 g6 3. e4 d6 4. d4 Bg7 5. f3 O-O 6. Be3 c5 7. dxc5 dxc5 8. Qxd8
Rxd8 9. Bxc5 Nc6 10. Nge2 b6 11. Ba3 Bb7 12. Nd5 Nd7 13. Nxe7+ Nxe7 14. Bxe7
Rdc8 15. Rd1 Ne5 16. b3 a6 17. Ng3 Nc6 18. Bg5 Nb4 19. Bd3 Nxa2 20. Ne2 Nb4 21.
Bb1 b5 22. cxb5 axb5 23. O-O h6 24. Be7 Nc6 25. Bc5 Na5 26. b4 Nb3 27. Bf2 Rc4
28. Bd3 Rxb4 29. Be1 Rba4 30. Bxb5 Ra1 31. Bc3 Rxd1 32. Rxd1 Ba6 33. Bxa6 Rxa6
34. Rd8+ Kh7 35. e5 Nc5 36. g4 Ne6 37. Rd7 Kg8 38. f4 Ra4 39. Bd2 g5 40. f5
Rxg4+ 41. Kf2 Nf8 42. Rd5 Rh4 43. f6 Rxh2+ 44. Kf1 Ne6 45. fxg7 Kxg7 46. Nd4
Nxd4 47. Rxd4 Kg6 48. Bc3 Rc2 49. Rd3 Kf5 50. Bd4 Ke4 51. Rd1 h5 52. Kg1 h4 53.
e6 fxe6 54. Bf6 Kf5 55. Rf1+ Kg4 56. Re1 Kf5 57. Bxg5 Kxg5 58. Rxe6 h3 59. Re3
h2+ 60. Kh1  1/2-1/2

[Event "2. BUNDESLIGA MITTE 2019/2020"]
[Site "Taufkirchen"]
[Date "2019.11.09"]
[Round "5"]
[Board "3"]
[White "Krebs, Johann"]
[Black "Huber, Martin Christian"]
[Result "1-0"]
[WhiteElo "2226"]
[BlackElo "2343"]
[PlyCount "77"]
[EventDate "2019.10.11"]
[EventType "team"]
[EventRounds "11"]
[EventCountry "AUT"]
[WhiteTeam "Frauental"]
[BlackTeam "Schachfreunde Graz"]

1. d4 Nf6 2. c4 g6 3. Nc3 Bg7 4. e4 d6 5. Be2 O-O 6. Nf3 Na6 7. O-O e5 8. Be3
h6 9. Ne1 Qe7 10. dxe5 dxe5 11. Nd3 c6 12. Rb1 Nd7 13. b4 f5 14. f3 Nc7 15. b5
Ne6 16. bxc6 bxc6 17. Qa4 Qd6 18. Rfd1 Nd4 19. Bf1 f4 20. Bf2 g5 21. Qa5 h5 22.
c5 Qg6 23. Ne2 g4 24. Nxd4 exd4 25. Kh1 g3 26. Bg1 gxh2 27. Bxh2 Qg5 28. Qc7
Rf6 29. e5 Re6 30. Bxf4 Qh4+ 31. Kg1 Nxc5 32. g3 Rg6 33. Rb8 Rxb8 34. Qxb8
Rxg3+ 35. Bxg3 Qxg3+ 36. Bg2 Nxd3 37. Qxc8+ Bf8 38. Qe6+ Kh8 39. Rxd3  1-0

[Event "2. BUNDESLIGA MITTE 2019/2020"]
[Site "Taufkirchen"]
[Date "2019.11.09"]
[Round "5"]
[Board "4"]
[White "Kravanja, Georg"]
[Black "Khalakhan, Jurij"]
[Result "1/2-1/2"]
[WhiteElo "2282"]
[BlackElo "2249"]
[PlyCount "78"]
[EventDate "2019.10.11"]
[EventType "team"]
[EventRounds "11"]
[EventCountry "AUT"]
[WhiteTeam "Schachfreunde Graz"]
[BlackTeam "Frauental"]

1. d4 d5 2. c4 c6 3. Nf3 Nf6 4. e3 Bf5 5. Nc3 e6 6. Nh4 Be4 7. f3 Bg6 8. g3 Be7
9. Bd2 a6 10. Nxg6 hxg6 11. cxd5 cxd5 12. Bg2 Nc6 13. O-O b5 14. Ne2 O-O 15.
Rc1 Qb6 16. Nf4 Rac8 17. Qe2 Na5 18. Rxc8 Rxc8 19. Rc1 Rxc1+ 20. Bxc1 Qc7 21.
Bd2 g5 22. Nd3 Qc2 23. Kf2 Nc4 24. Bc1 Qb1 25. b3 Nd6 26. Ba3 g4 27. Bxd6 gxf3
28. Bxf3 Bxd6 29. Kg2 g5 30. Nf2 Be7 31. h3 Bd6 32. Qd2 Ne4 33. Bxe4 dxe4 34.
d5 Bxg3 35. dxe6 Bxf2 36. exf7+ Kxf7 37. Kxf2 Qh1 38. Qd7+ Kg6 39. Qe6+ Kh5
 1/2-1/2

[Event "2. BUNDESLIGA MITTE 2019/2020"]
[Site "Taufkirchen"]
[Date "2019.11.09"]
[Round "5"]
[Board "5"]
[White "Ebner, Hubert"]
[Black "Eder, Matthias"]
[Result "1/2-1/2"]
[WhiteElo "2210"]
[BlackElo "2168"]
[PlyCount "60"]
[EventDate "2019.10.11"]
[EventType "team"]
[EventRounds "11"]
[EventCountry "AUT"]
[WhiteTeam "Frauental"]
[BlackTeam "Schachfreunde Graz"]

1. d4 Nf6 2. c4 g6 3. Nc3 Bg7 4. e4 d6 5. f3 O-O 6. Nge2 c5 7. d5 e6 8. Ng3
exd5 9. cxd5 h5 10. Bg5 Qa5 11. Be2 b5 12. Qd2 a6 13. O-O Re8 14. a3 Nbd7 15.
h3 Qc7 16. Rac1 c4 17. Bd1 Nc5 18. Bc2 Qb6 19. Be3 a5 20. Kh1 Bd7 21. Bd4 Qc7
22. Qf4 Nh7 23. Bxg7 Kxg7 24. Qd2 f6 25. Nd1 Ng5 26. Kh2 Nf7 27. Ne3 Ne5 28.
Qd4 Qd8 29. Rb1 Qe7 30. Qd2 h4  1/2-1/2

[Event "2. BUNDESLIGA MITTE 2019/2020"]
[Site "Taufkirchen"]
[Date "2019.11.09"]
[Round "5"]
[Board "6"]
[White "Kristoferitsch, Daniel"]
[Black "Steiner, Stefan"]
[Result "1/2-1/2"]
[WhiteElo "2108"]
[BlackElo "2298"]
[PlyCount "403"]
[EventDate "2019.10.11"]
[EventType "team"]
[EventRounds "11"]
[EventCountry "AUT"]
[WhiteTeam "Schachfreunde Graz"]
[BlackTeam "Frauental"]

1. d4 Nf6 2. c4 Nc6 3. Nf3 e6 4. Nc3 Bb4 5. Qc2 d6 6. Bd2 Qe7 7. a3 Bxc3 8.
Bxc3 a5 9. b3 O-O 10. e3 e5 11. d5 Nb8 12. Nd2 c6 13. dxc6 bxc6 14. e4 c5 15.
Bd3 Nc6 16. O-O Nh5 17. Rfe1 Nf4 18. Nf3 Bg4 19. Be2 Ne6 20. Rab1 Rfb8 21. Qd2
Bxf3 22. Bxf3 Ned4 23. Bd1 Rb6 24. Bxd4 Nxd4 25. b4 cxb4 26. axb4 axb4 27. Rxb4
Qb7 28. Rxb6 Qxb6 29. Be2 Qb3 30. Bf1 h6 31. Re3 Qb1 32. Re1 Qb3 33. Re3 Qb1
34. Re1 Qb6 35. h3 Ra3 36. Re3 Ra1 37. Re1 Ra4 38. Rc1 Qa7 39. Rb1 Ra2 40. Qe3
Kh7 41. Qc3 Rc2 42. Qe3 Ra2 43. Qc3 Qa4 44. Qd3 Qa5 45. Qe3 Ra3 46. Qe1 Qd8 47.
Qb4 Ra2 48. Rb2 Rxb2 49. Qxb2 Qc7 50. Qb4 Qc6 51. Qb1 Ne6 52. Qd3 Nc5 53. Qd5
Qxd5 54. cxd5 Kg6 55. f3 f5 56. g3 Kf6 57. Bg2 fxe4 58. fxe4 Nb3 59. Kf2 Nd4
60. Ke3 Ke7 61. Kd3 Kd7 62. Bf1 Kc7 63. Kc4 Kb6 64. Bd3 Ka5 65. Kc3 Ka4 66. Bf1
Nf3 67. Bg2 Ng5 68. h4 Nh7 69. Bf3 Kb5 70. Bd1 Nf6 71. Bf3 Kc5 72. h5 Nh7 73.
Bh1 Nf8 74. Bf3 Nd7 75. Bd1 Nb6 76. Bb3 Kb5 77. Bd1 Nd7 78. Be2+ Ka5 79. Bd1
Nc5 80. Bf3 Nd7 81. Bd1 Kb5 82. Be2+ Kc5 83. Bd1 Nf8 84. Bf3 g6 85. hxg6 Nxg6
86. Bh5 Nf8 87. Bg4 Nh7 88. Bf3 Nf6 89. Bg2 Nh5 90. g4 Nf4 91. Bf1 Ng6 92. Bg2
Nf8 93. Bf3 Nd7 94. Bd1 Kb5 95. Be2+ Ka5 96. Bd1 Nc5 97. Bf3 Ka4 98. Bd1+ Kb5
99. Be2+ Kb6 100. Bf3 Na6 101. Be2 Nc7 102. Kb4 Ne8 103. Bd1 Nf6 104. Bf3 Ng8
105. Be2 Ne7 106. Bf3 Ng6 107. Bg2 Nf4 108. Bf1 Kc7 109. Kc3 Kd7 110. Kd2 Ke7
111. Ke3 Kf6 112. Kf3 Kg5 113. Kg3 Ng6 114. Be2 Nf8 115. Bb5 Nh7 116. Be2 Nf6
117. Bf3 Nd7 118. Bd1 Nc5 119. Bc2 Na6 120. Bd3 Nc5 121. Bc2 Nd7 122. Bd1 Nf8
123. Bf3 Ng6 124. Be2 Kf6 125. Kf3 Nf4 126. Bf1 Kg6 127. Kg3 Kg5 128. Bb5 h5
129. gxh5 Nxh5+ 130. Kf3 Kh4 131. Be8 Nf6 132. Bb5 Nh7 133. Bd3 Ng5+ 134. Ke3
Kg3 135. Be2 Nh3 136. Bb5 Nf2 137. Be2 Ng4+ 138. Kd3 Nf2+ 139. Ke3 Nh3 140. Bb5
Nf4 141. Bf1 Ng2+ 142. Kd3 Ne1+ 143. Ke2 Nc2 144. Kd3 Nd4 145. Ke3 Nb3 146. Bc4
Nc5 147. Bb5 Kg2 148. Be2 Nd7 149. Bb5 Nf6 150. Ba6 Ng4+ 151. Ke2 Kg3 152. Bc8
Kf4 153. Bf5 Nf6 154. Kd3 Nxd5 155. Bg6 Nf6 156. Kc4 Ke3 157. Bf5 Kf3 158. Bg6
Kf4 159. Kd3 Ng8 160. Bf7 Ne7 161. Be8 Nc8 162. Ba4 Nb6 163. Bb5 Kg5 164. Bc6
Kf6 165. Kc3 Ke7 166. Kb4 Kd8 167. Bb5 Kc7 168. Bd3 Nd7 169. Kb5 Nf6 170. Bc2
Ng4 171. Bb3 Ne3 172. Be6 Nc2 173. Kc4 Kc6 174. Bf7 Ne3+ 175. Kd3 Ng4 176. Kc4
Nf6 177. Bg6 Kd7 178. Bf5+ Ke7 179. Kb5 Nh5 180. Kb6 Nf4 181. Bg4 Kf6 182. Bc8
Ke7 183. Kc6 Ne2 184. Ba6 Nd4+ 185. Kd5 Nc2 186. Be2 Nb4+ 187. Kc4 Na6 188. Kd5
Nc7+ 189. Kc4 Kd7 190. Bd1 Ke7 191. Kb4 Kf6 192. Ka5 Kg5 193. Kb6 Ne8 194. Kc6
Kf4 195. Bc2 Nf6 196. Kxd6 Nxe4+ 197. Kd5 Nf6+ 198. Ke6 Ng4 199. Bf5 Ne3 200.
Bg6 Nf5 201. Bxf5 e4 202. Bxe4  1/2-1/2

[Event "2. BUNDESLIGA MITTE 2019/2020"]
[Site "Taufkirchen"]
[Date "2019.11.10"]
[Round "6"]
[Board "1"]
[White "Mostbauer, Maximilian"]
[Black "Csonka, Balazs"]
[Result "1/2-1/2"]
[WhiteElo "2225"]
[BlackElo "2481"]
[PlyCount "61"]
[EventDate "2019.10.11"]
[EventType "team"]
[EventRounds "11"]
[EventCountry "AUT"]
[WhiteTeam "SPG Nettingsdorf/Traun"]
[BlackTeam "Schachfreunde Graz"]

1. d4 Nf6 2. Nf3 d5 3. g3 c5 4. Bg2 cxd4 5. O-O Bd7 6. b3 Nc6 7. Nxd4 e5 8.
Nxc6 Bxc6 9. Bb2 Qc7 10. e3 Rd8 11. Qe2 Bc5 12. c4 d4 13. exd4 Bxd4 14. Bxd4
Rxd4 15. Bxc6+ bxc6 16. Nc3 O-O 17. Rfe1 Re8 18. Rad1 Qd7 19. Qc2 Rd8 20. Rxd4
exd4 21. Ne4 Nxe4 22. Qxe4 d3 23. Kg2 d2 24. Rd1 g6 25. Qe3 h5 26. h4 Kh7 27.
Qf4 Kg8 28. Qe3 Kh7 29. Qf4 Kg8 30. Qe3 Kh7 31. Qf4  1/2-1/2

[Event "2. BUNDESLIGA MITTE 2019/2020"]
[Site "Taufkirchen"]
[Date "2019.11.10"]
[Round "6"]
[Board "2"]
[White "Gajek, Radoslaw"]
[Black "Gelbenegger, Patrick"]
[Result "1/2-1/2"]
[WhiteElo "2422"]
[BlackElo "2259"]
[PlyCount "189"]
[EventDate "2019.10.11"]
[EventType "team"]
[EventRounds "11"]
[EventCountry "AUT"]
[WhiteTeam "Schachfreunde Graz"]
[BlackTeam "SPG Nettingsdorf/Traun"]

1. d4 d5 2. Bf4 c5 3. dxc5 Nc6 4. Nf3 e6 5. e4 Qf6 6. exd5 Qxf4 7. dxc6 bxc6 8.
Qd2 Qxd2+ 9. Nbxd2 Bxc5 10. Ne4 Be7 11. Ne5 Nf6 12. Bd3 Bb7 13. O-O-O O-O 14.
Nxf6+ Bxf6 15. Nd7 Bg5+ 16. Kb1 Rfd8 17. Nc5 Rab8 18. Be4 Ba8 19. c3 Be7 20.
Nd7 Rbc8 21. Ne5 Bf6 22. Nc4 c5 23. Bxa8 Rxa8 24. Kc2 Kf8 25. a4 g6 26. a5 h5
27. a6 Ke7 28. Na5 Rd6 29. Rxd6 Kxd6 30. Kb3 Kc7 31. Nb7 Be7 32. Kc4 Rc8 33.
Kb5 Rb8 34. Rd1 h4 35. c4 Bf8 36. Rd3 Be7 37. Rf3 f6 38. Re3 Kd7 39. f4 Bf8 40.
Rh3 g5 41. fxg5 fxg5 42. Rd3+ Kc7 43. Rf3 Be7 44. Rf7 Kd7 45. b4 cxb4 46. c5
Rf8 47. c6+ Ke8 48. Rh7 b3 49. c7 Kd7 50. Nc5+ Kd6 51. Ne4+ Kd7 52. Nc5+ Kd6
53. Nxb3 Rc8 54. Rxe7 Kxe7 55. Kc6 Rf8 56. Kb7 Kd7 57. Nc5+ Kd6 58. Ne4+ Kd7
59. Nf6+ Kd6 60. c8=Q Rxc8 61. Kxc8 Kc6 62. Nd7 Kd6 63. Nb8 e5 64. Kb7 e4 65.
Nc6 Kd5 66. Nb4+ Kc4 67. Nc2 Kd3 68. Ne1+ Ke2 69. Kxa7 Kxe1 70. Kb6 e3 71. a7
e2 72. a8=Q g4 73. Qe4 Kf1 74. g3 h3 75. Qxg4 e1=Q 76. Qxh3+ Kg1 77. Qh6 Qb4+
78. Kc6 Qc4+ 79. Kd7 Qd5+ 80. Ke8 Qe5+ 81. Kf7 Qf5+ 82. Kg7 Qg4+ 83. Kf6 Qd4+
84. Kg5 Qe3+ 85. Kh5 Qe2+ 86. g4 Qxh2+ 87. Kg6 Qd6+ 88. Kh7 Qe7+ 89. Qg7 Qh4+
90. Kg8 Qd8+ 91. Kf7 Qd7+ 92. Kf6 Qd4+ 93. Kg6 Qxg4+ 94. Kh7 Qxg7+ 95. Kxg7
 1/2-1/2

[Event "2. BUNDESLIGA MITTE 2019/2020"]
[Site "Taufkirchen"]
[Date "2019.11.10"]
[Round "6"]
[Board "3"]
[White "Gaertner, Markus"]
[Black "Huber, Martin Christian"]
[Result "1/2-1/2"]
[WhiteElo "2139"]
[BlackElo "2343"]
[PlyCount "60"]
[EventDate "2019.10.11"]
[EventType "team"]
[EventRounds "11"]
[EventCountry "AUT"]
[WhiteTeam "SPG Nettingsdorf/Traun"]
[BlackTeam "Schachfreunde Graz"]

1. Nf3 c5 2. c4 Nc6 3. Nc3 g6 4. g3 Bg7 5. Bg2 d6 6. a3 Bf5 7. e4 Bd7 8. O-O
Qc8 9. Re1 Bh3 10. Bh1 h5 11. d3 Nh6 12. Nd5 e6 13. Ne3 Ng4 14. Ng5 Nxe3 15.
Bxe3 e5 16. b4 Bg4 17. f3 Bd7 18. f4 b6 19. f5 f6 20. Nf3 g5 21. b5 Nd4 22.
Nxd4 exd4 23. Bd2 Ke7 24. a4 a5 25. h3 Ra7 26. Bg2 Be8 27. Kf2 Bf7 28. Rh1 Kd8
29. g4 h4 30. Re1 Re7  1/2-1/2

[Event "2. BUNDESLIGA MITTE 2019/2020"]
[Site "Taufkirchen"]
[Date "2019.11.10"]
[Round "6"]
[Board "4"]
[White "Kravanja, Georg"]
[Black "Schloffer, Jasmin-Denise"]
[Result "1-0"]
[WhiteElo "2282"]
[BlackElo "2084"]
[PlyCount "91"]
[EventDate "2019.10.11"]
[EventType "team"]
[EventRounds "11"]
[EventCountry "AUT"]
[WhiteTeam "Schachfreunde Graz"]
[BlackTeam "SPG Nettingsdorf/Traun"]

1. Nf3 Nf6 2. c4 e6 3. g3 d5 4. Bg2 Be7 5. O-O O-O 6. Ne5 c5 7. cxd5 Nxd5 8.
Nc3 Nf6 9. d3 Nbd7 10. Nc4 Nb6 11. Qb3 Nbd5 12. Rd1 b6 13. h3 Bb7 14. Nxd5 Bxd5
15. e4 Bb7 16. Na5 Ba6 17. Nc6 Qd7 18. Nxe7+ Qxe7 19. d4 cxd4 20. Rxd4 e5 21.
Rd1 Bb7 22. Bd2 Rfd8 23. Qe3 Rd7 24. Bc3 Rad8 25. Rxd7 Rxd7 26. a4 Qd6 27. a5
h6 28. axb6 axb6 29. f3 Nh5 30. Kh2 f6 31. h4 g6 32. Qxh6 Rg7 33. Rf1 Bc6 34.
Rf2 Be8 35. Qd2 Qc7 36. Bh3 Bf7 37. Bg4 g5 38. hxg5 Rxg5 39. Qd1 Rg7 40. Rd2
Rh7 41. Kg2 Qc5 42. Rd8+ Kg7 43. Qd2 Nxg3 44. Kxg3 Qg1+ 45. Qg2 Qe3 46. Bd2  1-0

[Event "2. BUNDESLIGA MITTE 2019/2020"]
[Site "Taufkirchen"]
[Date "2019.11.10"]
[Round "6"]
[Board "5"]
[White "Ehs, Dominik"]
[Black "Eder, Matthias"]
[Result "0-1"]
[WhiteElo "2087"]
[BlackElo "2168"]
[PlyCount "50"]
[EventDate "2019.10.11"]
[EventType "team"]
[EventRounds "11"]
[EventCountry "AUT"]
[WhiteTeam "SPG Nettingsdorf/Traun"]
[BlackTeam "Schachfreunde Graz"]

1. e4 c5 2. Nf3 Nc6 3. d4 cxd4 4. Nxd4 g6 5. Nc3 Bg7 6. Be3 Nf6 7. Nxc6 bxc6 8.
e5 Ng8 9. f4 f6 10. e6 d5 11. f5 Qd6 12. fxg6 hxg6 13. Qd3 f5 14. O-O-O Bxe6
15. g4 Nh6 16. Be2 Bd7 17. Qa6 Nxg4 18. Bxg4 fxg4 19. Rhe1 O-O 20. Bg5 Bf6 21.
Bh6 Rfb8 22. Na4 Rb5 23. Nc3 Rb6 24. Qd3 Bf5 25. Qg3 Qb4  0-1

[Event "2. BUNDESLIGA MITTE 2019/2020"]
[Site "Taufkirchen"]
[Date "2019.11.10"]
[Round "6"]
[Board "6"]
[White "Kristoferitsch, Daniel"]
[Black "Poell, Markus"]
[Result "1-0"]
[WhiteElo "2108"]
[BlackElo "2121"]
[PlyCount "75"]
[EventDate "2019.10.11"]
[EventType "team"]
[EventRounds "11"]
[EventCountry "AUT"]
[WhiteTeam "Schachfreunde Graz"]
[BlackTeam "SPG Nettingsdorf/Traun"]

1. d4 d5 2. c4 e6 3. Nc3 c6 4. Nf3 dxc4 5. a4 Bb4 6. e3 b5 7. Bd2 a5 8. axb5
Bxc3 9. Bxc3 cxb5 10. b3 Bb7 11. bxc4 b4 12. Bb2 Nf6 13. Bd3 Nbd7 14. O-O O-O
15. c5 Qc7 16. Bb5 Ba6 17. Bxa6 Rxa6 18. Ra4 Qc6 19. Nd2 Rd8 20. Qa1 Qb5 21.
Nb3 Rda8 22. Qa2 Nb8 23. Ra1 Nc6 24. Nc1 e5 25. Qb1 exd4 26. exd4 Rd8 27. Qd3
Qxd3 28. Nxd3 Nd5 29. Kf1 f6 30. Ke2 Kf7 31. Ne1 Re8+ 32. Kd3 Nc7 33. Nc2 Raa8
34. Ne3 Red8 35. Kc4 g6 36. d5 Ne5+ 37. Bxe5 fxe5 38. Rxa5  1-0

[Event "2. BUNDESLIGA MITTE 2019/2020"]
[Site "Taufkirchen"]
[Date "2019.11.10"]
[Round "6"]
[Board "1"]
[White "Heinemann, Thies"]
[Black "Tratar, Marko"]
[Result "0-1"]
[WhiteElo "2501"]
[BlackElo "2443"]
[PlyCount "146"]
[EventDate "2019.10.11"]
[EventType "team"]
[EventRounds "11"]
[EventCountry "AUT"]
[WhiteTeam "EJ Gleisdorf"]
[BlackTeam "Frauental"]

1. e4 e6 2. d4 d5 3. Nd2 c5 4. exd5 Qxd5 5. Ngf3 cxd4 6. Bc4 Qd7 7. O-O Nc6 8.
Nb3 a6 9. Nbxd4 Nxd4 10. Nxd4 Qc7 11. Bb3 Bd6 12. h3 Ne7 13. c3 O-O 14. Qh5 Bd7
15. Rd1 Rad8 16. Be3 Bh2+ 17. Kh1 Bf4 18. Rd3 Ng6 19. Rad1 Bc8 20. Kg1 Bh2+ 21.
Kh1 Nf4 22. Bxf4 Bxf4 23. Qh4 Bd6 24. Bc2 Be7 25. Qh5 g6 26. Qh6 Qa5 27. Rg3
Bf6 28. a3 Qb6 29. b4 Bg7 30. Qe3 Qc7 31. Bb3 e5 32. Ne2 Rxd1+ 33. Bxd1 Be6 34.
f4 Rd8 35. Bc2 Qd6 36. f5 Bc4 37. Be4 Qd2 38. Ng1 Qxe3 39. Rxe3 Bh6 40. Re1 Bd2
41. Rd1 Bb3 42. Rb1 Bd5 43. Bxd5 Rxd5 44. Rd1 e4 45. fxg6 hxg6 46. g3 Rd3 47.
Ne2 Bf4 48. Rg1 Be3 49. Rb1 Rd2 50. Nf4 Bf2 51. Kg2 Be1+ 52. Ne2 Rxe2+ 53. Kf1
Rf2+ 54. Kxe1 Rg2 55. Rd1 Rxg3 56. Rd8+ Kg7 57. Kd2 Rxh3 58. Re8 Rd3+ 59. Kc2
b5 60. Rxe4 Rd6 61. c4 f5 62. Re1 bxc4 63. a4 g5 64. Kc3 g4 65. Kxc4 g3 66. Kc5
Rg6 67. Kd4 Rg4+ 68. Kc5 f4 69. Kd4 f3+ 70. Ke3 f2 71. Ra1 Rf4 72. Rf1 g2 73.
Rxf2 g1=Q  0-1

[Event "2. BUNDESLIGA MITTE 2019/2020"]
[Site "Taufkirchen"]
[Date "2019.11.10"]
[Round "6"]
[Board "2"]
[White "Schachinger, Mario"]
[Black "Frosch, Ronald"]
[Result "1-0"]
[WhiteElo "2402"]
[BlackElo "2261"]
[PlyCount "129"]
[EventDate "2019.10.11"]
[EventType "team"]
[EventRounds "11"]
[EventCountry "AUT"]
[WhiteTeam "Frauental"]
[BlackTeam "EJ Gleisdorf"]

1. c4 e6 2. d4 d5 3. Nc3 Nf6 4. Nf3 Be7 5. Bf4 O-O 6. e3 Nbd7 7. cxd5 exd5 8.
Bd3 c6 9. Qc2 Re8 10. h3 Nf8 11. O-O-O a5 12. g4 Be6 13. Ng5 b5 14. Be5 a4 15.
Kb1 Qa5 16. Ne2 c5 17. dxc5 N6d7 18. Nxe6 fxe6 19. Bd6 Rac8 20. Qd2 b4 21. Rc1
Nxc5 22. Rxc5 Rxc5 23. Bxc5 Qxc5 24. Nd4 a3 25. Rc1 Qd6 26. f4 axb2 27. Rc6 Qd7
28. Bb5 Qb7 29. Qc2 Qb8 30. Ra6 Qb7 31. Qc6 Qxc6 32. Bxc6 Rc8 33. Kxb2 Bf6 34.
Kb3 Bxd4 35. exd4 Rb8 36. f5 Kf7 37. fxe6+ Kxe6 38. Ba8+ Ke7 39. Bxd5 Nd7 40.
Re6+ Kd8 41. Bc6 Kc7 42. Bxd7 Kxd7 43. Ra6 Rb7 44. Ra4 Kd6 45. Rxb4 Rf7 46. Kc4
Rf2 47. Rb6+ Kc7 48. Ra6 Kb7 49. Ra3 Kc6 50. Ra7 Rc2+ 51. Kd3 Rh2 52. Rxg7
Rxh3+ 53. Kc4 Ra3 54. Rxh7 Rxa2 55. Rf7 Rg2 56. Rf6+ Kd7 57. Rg6 Rg1 58. Kd5
Ke7 59. Re6+ Kd7 60. Re4 Rd1 61. Ke5 Ke7 62. d5 Rd2 63. Rd4 Rf2 64. d6+ Kd7 65.
g5  1-0

[Event "2. BUNDESLIGA MITTE 2019/2020"]
[Site "Taufkirchen"]
[Date "2019.11.10"]
[Round "6"]
[Board "3"]
[White "Wanderer, Thomas"]
[Black "Krebs, Johann"]
[Result "1/2-1/2"]
[WhiteElo "2229"]
[BlackElo "2226"]
[PlyCount "134"]
[EventDate "2019.10.11"]
[EventType "team"]
[EventRounds "11"]
[EventCountry "AUT"]
[WhiteTeam "EJ Gleisdorf"]
[BlackTeam "Frauental"]

1. Nf3 c5 2. c4 g6 3. g3 Bg7 4. Bg2 Nc6 5. Nc3 d6 6. O-O Qd7 7. a3 b6 8. Rb1
Bb7 9. b4 Nh6 10. Qb3 Nf5 11. e3 O-O 12. Bb2 Rac8 13. d3 e6 14. Rfd1 Rfd8 15.
Ne2 Ne5 16. e4 Ne7 17. Nd2 d5 18. bxc5 dxc4 19. Nxc4 Nxc4 20. dxc4 Qc7 21.
Rxd8+ Rxd8 22. Bxg7 Kxg7 23. cxb6 axb6 24. h4 Ba6 25. Qxb6 Rd1+ 26. Kh2 Qxb6
27. Rxb6 Bxc4 28. Nf4 Rd2 29. Nh3 e5 30. Rb7 Ng8 31. Rb4 Ba6 32. Rb3 Nf6 33.
Bf3 Bc8 34. Kg2 Bxh3+ 35. Kxh3 Rxf2 36. g4 h6 37. g5 hxg5 38. hxg5 Nh7 39. Kg4
Rf1 40. Rb2 Ra1 41. Bg2 Rxa3 42. Rb5 Nxg5 43. Rxe5 Nh7 44. Rb5 Nf6+ 45. Kf4
Nh5+ 46. Ke5 Rg3 47. Rb2 g5 48. Bf1 Nf4 49. Bc4 Rf3 50. Rb7 Ng6+ 51. Kd4 Rf4
52. Ke3 g4 53. Be2 Kf6 54. Rb6+ Kg5 55. Rb5+ Kh4 56. Rb1 Rf6 57. Rh1+ Kg5 58.
Rg1 Ne5 59. Ra1 Rf4 60. Ra5 f6 61. Ra8 g3 62. Rg8+ Ng6 63. Bf3 Rh4 64. Bg2 Rh8
65. Rxh8 Nxh8 66. Kf3 Kh4 67. Kf4 Ng6+  1/2-1/2

[Event "2. BUNDESLIGA MITTE 2019/2020"]
[Site "Taufkirchen"]
[Date "2019.11.10"]
[Round "6"]
[Board "4"]
[White "Khalakhan, Jurij"]
[Black "Frosch, Erich"]
[Result "1/2-1/2"]
[WhiteElo "2249"]
[BlackElo "2188"]
[PlyCount "107"]
[EventDate "2019.10.11"]
[EventType "team"]
[EventRounds "11"]
[EventCountry "AUT"]
[WhiteTeam "Frauental"]
[BlackTeam "EJ Gleisdorf"]

1. c4 b6 2. Nc3 Bb7 3. e4 e6 4. Bd3 d6 5. Nge2 Be7 6. Bc2 Nd7 7. d4 e5 8. O-O
Bf6 9. Be3 Ne7 10. Rc1 Ng6 11. b3 O-O 12. Bb1 Re8 13. Qd2 exd4 14. Nxd4 Nc5 15.
f3 Ne6 16. Nde2 a5 17. Nd5 Bxd5 18. cxd5 Nc5 19. Bd3 Nxd3 20. Qxd3 Bb2 21. Rc2
Ba3 22. Kh1 Bc5 23. Bc1 Qd7 24. Bb2 f6 25. f4 f5 26. exf5 Re3 27. Qd2 Qxf5 28.
Nd4 Qe4 29. Ne6 Re8 30. Qd1 Re7 31. f5 Ne5 32. Rcf2 Nd3 33. Rd2 Bb4 34. Rc2 Be1
35. f6 gxf6 36. Rxf6 Rxe6 37. Rxe6 Qf5 38. Rf6 Nxb2 39. Rxf5 Nxd1 40. Rxc7 Bb4
41. h3 Re1+ 42. Kh2 Bc3 43. Kg3 Be5+ 44. Kh4 Ne3 45. Rf2 Nxd5 46. Rcf7 Re4+ 47.
Kg5 Bg7 48. g4 Re6 49. Rb7 Rg6+ 50. Kh4 Rh6+ 51. Kg5 Rg6+ 52. Kh4 Rh6+ 53. Kg5
Rg6+ 54. Kh4  1/2-1/2

[Event "2. BUNDESLIGA MITTE 2019/2020"]
[Site "Taufkirchen"]
[Date "2019.11.10"]
[Round "6"]
[Board "5"]
[White "Wegerer, Fred"]
[Black "Ebner, Hubert"]
[Result "1/2-1/2"]
[WhiteElo "2166"]
[BlackElo "2210"]
[PlyCount "61"]
[EventDate "2019.10.11"]
[EventType "team"]
[EventRounds "11"]
[EventCountry "AUT"]
[WhiteTeam "EJ Gleisdorf"]
[BlackTeam "Frauental"]

1. e4 c5 2. Nf3 d6 3. Bb5+ Bd7 4. Bxd7+ Qxd7 5. O-O Nf6 6. Re1 Nc6 7. c3 e6 8.
d4 cxd4 9. cxd4 d5 10. e5 Ne4 11. Nbd2 Nxd2 12. Bxd2 Be7 13. a3 O-O 14. b4 a6
15. Qb3 Rfc8 16. Rab1 Na7 17. h4 Rc4 18. Qe3 Qa4 19. Rb3 Nb5 20. Reb1 Rac8 21.
Kh2 Rc2 22. Rd3 Ra2 23. Rbb3 Rcc2 24. Kh3 Rcb2 25. Rxb2 Rxb2 26. g3 Ra2 27. Bc1
Qc2 28. Rd2 Qc4 29. Rxa2 Qxa2 30. Kg2 Qc4 31. Bb2  1/2-1/2

[Event "2. BUNDESLIGA MITTE 2019/2020"]
[Site "Taufkirchen"]
[Date "2019.11.10"]
[Round "6"]
[Board "6"]
[White "Steiner, Stefan"]
[Black "Sandner, Wolfgang"]
[Result "1-0"]
[WhiteElo "2298"]
[BlackElo "2239"]
[PlyCount "65"]
[EventDate "2019.10.11"]
[EventType "team"]
[EventRounds "11"]
[EventCountry "AUT"]
[WhiteTeam "Frauental"]
[BlackTeam "EJ Gleisdorf"]

1. Nf3 Nf6 2. c4 g6 3. g3 Bg7 4. Bg2 O-O 5. Nc3 d6 6. d4 Nc6 7. d5 Na5 8. Nd2
c6 9. Rb1 cxd5 10. cxd5 Qc7 11. Nb5 Qb6 12. Na3 Qb4 13. Nc2 Qb5 14. e4 b6 15.
b4 Nb7 16. Nd4 Qe8 17. Bb2 Bd7 18. O-O e5 19. dxe6 fxe6 20. e5 Nd5 21. Qb3 Qf7
22. Ne4 h6 23. exd6 a5 24. b5 a4 25. Qd3 Rac8 26. Nf3 Nc5 27. Nxc5 Rxc5 28.
Bxg7 Qxg7 29. Nd4 Kh7 30. Nc6 Qc3 31. Qxc3 Nxc3 32. Rbe1 Rd8 33. Nxd8  1-0

[Event "2. BUNDESLIGA MITTE 2019/2020"]
[Site "Taufkirchen"]
[Date "2019.11.10"]
[Round "6"]
[Board "1"]
[White "Haba, Petr"]
[Black "Rogic, Davor"]
[Result "1/2-1/2"]
[WhiteElo "2470"]
[BlackElo "2494"]
[PlyCount "121"]
[EventDate "2019.10.11"]
[EventType "team"]
[EventRounds "11"]
[EventCountry "AUT"]
[WhiteTeam "SPG Sparkasse SEDDA Grieskirchen/Schalle"]
[BlackTeam "SV Aspernig Transporte St. Veit 2"]

1. e4 e5 2. Nf3 Nc6 3. Bb5 a6 4. Ba4 Nf6 5. O-O Be7 6. Re1 b5 7. Bb3 d6 8. c3
Na5 9. Bc2 c5 10. d4 Qc7 11. a4 c4 12. Nbd2 O-O 13. Nf1 b4 14. cxb4 Nc6 15. Ne3
Nxb4 16. Bd2 Rb8 17. Bc3 Rd8 18. d5 Ng4 19. h3 Nxe3 20. Rxe3 a5 21. Rc1 Bd7 22.
Bb1 Qb7 23. Bd2 Rdc8 24. Rec3 Na6 25. Bc2 Bd8 26. Qf1 Nb4 27. Rxc4 Nxc2 28.
R1xc2 Bxa4 29. Rxc8 Rxc8 30. Rxc8 Qxc8 31. Bc3 Bd7 32. Nd2 f5 33. Qc4 fxe4 34.
Qxc8 Bxc8 35. Nc4 Bb7 36. Nxd6 Bxd5 37. Bxe5 g6 38. Nb5 Kf7 39. Nc3 Bc6 40. Bd4
Ke6 41. Kf1 h5 42. Ke1 h4 43. Kf1 Bb7 44. Ke1 Bc7 45. Nd1 Ba6 46. Ne3 a4 47.
Bc3 Bf4 48. Bb4 Be5 49. Nd1 Kd5 50. Bc3 Bf4 51. Bf6 Kc4 52. Nc3 Kb3 53. Nxe4
Kc2 54. g3 hxg3 55. fxg3 Bc1 56. Nc5 Bb5 57. Kf2 Bc6 58. h4 Bxb2 59. Bxb2 Kxb2
60. Nxa4+ Bxa4 61. Ke3  1/2-1/2